Normal view
MARC view
- Lamb, Alastair
Entry Personal Name
001 - CONTROL NUMBER
- control field: 1758
003 - CONTROL NUMBER IDENTIFIER
- control field: NUST
005 - DATE AND TIME OF LATEST TRANSACTION
- control field: 20170601094037.0
008 - FIXED-LENGTH DATA ELEMENTS
- fixed length control field: 170601|| aca||aabn | a|a d
040 ## - CATALOGING SOURCE
- Original cataloging agency: NUST
- Transcribing agency: NUST
100 ## - HEADING--PERSONAL NAME
- Personal name: Lamb, Alastair
670 ## - SOURCE DATA FOUND
- Source citation: Work cat.: (NUST)0: Lamb, Alastair, Incomplete partition: the genesis of the Kashmir dispute 1947-1948 , 1998
